| 000 | 00478nam a2200145Ia 4500 | ||
|---|---|---|---|
| 008 | 211109s9999||||xx |||||||||||||| ||und|| | ||
| 082 |
_a891.433 _bNAR-A |
||
| 100 | _aNarendra, Singh | ||
| 245 | 0 | _aAdhunik Sahitya Chintan Aur Kuch Vishitha Sahityakar | |
| 260 |
_bVANI Prakasan _aDelhi _c1900 |
||
| 300 | _a122p. | ||
| 630 | _xgeneral stack | ||
| 650 |
_aLiterature & rhetoric _vLiteratures of other languages _x East Indo-European & Celtic literaturesGeneralia |
||
| 942 | _cBOOK | ||
| 999 |
_c53702 _d53702 |
||